Problemas teóricos y prácticos de la planificación

Zapisane w:
Opis bibliograficzny
1. autor: Bettelheim, Charles
Format: Texto
Wydane: Madrid: Tecnos
Wydanie:3
Etykiety: Dodaj etykietę
Nie ma etykietki, Dołącz pierwszą etykiete!

MARC

LEADER 00000 a a2200000 04500
001 23034
003
040
020 |a 84-309-0084-5  
090 |a 158800  
100 |a Bettelheim, Charles  
245 |a Problemas teóricos y prácticos de la planificación  
250 |a 3  
260 |a Madrid:   |b Tecnos  
300 |a 438 p.  
999 |c 15476  |d 15476